Kabale University Library Catalogue

MUGENZOOMU (Record no. 5886)

MARC details
000 -LEADER
fixed length control field 00440nam a22001697a 4500
003 - CONTROL NUMBER IDENTIFIER
control field OSt
005 - DATE AND TIME OF LATEST TRANSACTION
control field 20260129105505.0
008 - FIXED-LENGTH DATA ELEMENTS--GENERAL INFORMATION
fixed length control field 260129b |||||||| |||| 00| 0 eng d
040 ## - CATALOGING SOURCE
Original cataloging agency KABLIB
Language of cataloging eng
Transcribing agency KABLIB
082 ## - DEWEY DECIMAL CLASSIFICATION NUMBER
Edition number 23
Classification number 896.339
Item number BAZ
100 ## - MAIN ENTRY--PERSONAL NAME
Personal name BAZARRABUSA, T.B
9 (RLIN) 14842
245 ## - TITLE STATEMENT
Title MUGENZOOMU
Statement of responsibility, etc. T.B BAZARRABUSA
260 ## - PUBLICATION, DISTRIBUTION, ETC.
Place of publication, distribution, etc. KAMPALA
Name of publisher, distributor, etc. UANDA LITERATURE BUREAU
Date of publication, distribution, etc. 1978
300 ## - PHYSICAL DESCRIPTION
Extent ILL.
Dimensions 22CM
650 ## - SUBJECT ADDED ENTRY--TOPICAL TERM
Topical term or geographic name entry element LITERATURE
942 ## - ADDED ENTRY ELEMENTS (KOHA)
Source of classification or shelving scheme Dewey Decimal Classification
Koha item type Book
Holdings
Withdrawn status Lost status Source of classification or shelving scheme Damaged status Not for loan Home library Current library Shelving location Date acquired Source of acquisition Total Checkouts Full call number Barcode Date last seen Price effective from Koha item type
    Dewey Decimal Classification     Education Library Education Library Open Access Section 29.01.2026 Donation   896.339 BAZ 14345 29.01.2026 29.01.2026 Book

Kabale University Library | Kabale University P.O Box 317, Kabale, Uganda
Tel : +256754017033, +256774661503 E-mail : library@kab.ac.ug